[Event "Galatasaray Blitz Chess Tournament"]
[Site "Istanbul"]
[Date "2019.03.24"]
[Round "2.5"]
[White "Gulbas, Cemil"]
[Black "Tuncer, Tuna"]
[Result "1/2-1/2"]
[WhiteElo "2404"]
[BlackElo "2371"]
[Annotator "TA"]
[PlyCount "71"]
[EventDate "2019.03.24"]
[EventType "swiss"]
[EventCountry "TUR"]
[SourceTitle "playchess.com"]
[Source "ChessBase"]
[SourceQuality "1"]

{[%evp 16,71,47,27,39,41,38,0,0,0,0,-8,6,0,8,-8,0,-32,-20,-48,-17,-31,0,4,14,-16,100,-30,75,33,42,48,33,-19,-15,-19,-31,-55,0,0,0,0,0,-119,-108,-173,-163,-147,-169,-145,0,0,0,0,0,0,0,0]} 1. e4 c5 2. Nf3 e6 3. d4 cxd4 4. Nxd4 Nc6 5. Nc3 Qc7 6. g3 a6 7. Bg2 d6 8. O-O Bd7 9. Re1 Be7 {B47: Sicilian: Taimanov: 5 Nc3 Qc7 6 f4, 6 g3 and 6 Be2} 10. Nce2 (10. Nxc6 Bxc6 11. a4 Nf6 12. a5 {½-½ (12) Delgado Ramirez,N (2615)-Leitao,R (2618) Teresina 2018}) 10... Nf6 11. b3 b5 12. Bb2 O-O 13. Rc1 Rfc8 $146 ({Predecessor:} 13... Ne5 14. h3 Rad8 15. Kh2 Bc8 16. c4 bxc4 17. f4 Bb7 18. Qc2 {1-0 (38) Moshtael,W (2208)-Nedic,D (2382) Bargteheide 2016}) 14. h3 Qb8 15. g4 Ne5 16. f4 Ng6 $1 17. Qd2 Qb6 {aiming for ...e5.} 18. Kh2 e5 {Hoping for ...Nh4.} 19. Nf5 {Strongly threatening fxe5.} Bf8 20. Rf1 Rab8 (20... h6 $11 {keeps the balance.}) 21. a3 (21. g5 $16 Ne8 22. fxe5) 21... Bxf5 (21... Qc7 $11 {remains equal.}) 22. exf5 $16 Nxf4 $1 23. Nxf4 exf4 24. Qxf4 (24. Bd4 $14 Qd8 25. Ba7 (25. Rxf4 d5 $11)) 24... d5 $11 25. Kh1 Bd6 26. Qg5 d4 ({Black should try} 26... h6 $15 27. Qd2 Ne4 28. Bxe4 dxe4) 27. Qd2 Be5 28. Rce1 Qd6 29. Re2 (29. Qd3 $11) 29... Nxg4 $1 $17 {...Ne3 is the strong threat.} 30. hxg4 {[#]} (30. Rd1 $17 Ne3 31. Bxd4 Qxd4 32. Qxd4 Bxd4 33. Rxd4 Nxf5 34. Rd3) 30... Rxc2 $1 $19 31. Qxc2 Qh6+ 32. Kg1 {[#]} Qh2+ (32... Bh2+ $1 $17 33. Kh1 (33. Kf2 $2 Qh4+ 34. Kf3 Qg3+ 35. Ke4 d3 $19 {[%mdl 64] Double Attack}) 33... Bd6+ 34. Kg1 Qh2+ 35. Kf2 Qg3+ {[%mdl 64] Double Attack} 36. Kg1 Qh2+ 37. Kf2 Qg3+ {[%mdl 64] Double Attack} 38. Kg1 Qh2+) 33. Kf2 $11 {The position is equal.} Qg3+ {[%mdl 64] Double Attack} 34. Kg1 Qh2+ 35. Kf2 Qg3+ {[%mdl 64] Double Attack} 36. Kg1 {Accuracy: White = 28%, Black = 40%.} 1/2-1/2

[Event "Galatasaray Blitz Chess Tournament"]
[Site "Istanbul"]
[Date "2019.03.24"]
[Round "3.1"]
[White "Tuncer, Tuna"]
[Black "Gokerkan, Cem Kaan"]
[Result "1/2-1/2"]
[WhiteElo "2371"]
[BlackElo "2419"]
[Annotator "TA"]
[PlyCount "53"]
[EventDate "2019.03.24"]
[EventType "swiss"]
[EventCountry "TUR"]
[SourceTitle "playchess.com"]
[Source "ChessBase"]
[SourceQuality "1"]

{[%evp 19,53,15,33,1,10,3,5,4,11,11,11,11,16,0,46,45,71,82,64,38,54,0,80,53,70,64,131,0,55,0,142,35,34,0,139,0]} 1. e4 c5 2. Nf3 d6 3. d4 cxd4 4. Nxd4 Nf6 5. Nc3 a6 6. Be2 g6 7. Be3 Bg7 8. O-O O-O 9. f4 Nc6 10. Qd2 Bd7 11. Bf3 {B73: Sicilian Dragon: Classical System without 9 Nb3} (11. Nb3 Rc8 12. h3 b5 13. a3 Be6 14. Nd4 Bc4 15. Bxc4 bxc4 16. Nxc6 Rxc6 17. Bd4 e5 18. Be3 exf4 19. Rxf4 {1-0 (70) Vesselovsky,S (2328)-Petr,M (2440) Czech Republic 2018}) 11... Rc8 12. Nxc6 Bxc6 13. Nd5 {The position is equal.} Nxd5 $146 ({Predecessor:} 13... Bb5 14. Rfb1 Nd7 15. c3 Nc5 16. Rd1 Ba4 17. Re1 Bc6 18. Bd4 b5 19. Bxg7 Kxg7 {1-0 (42) Kristensen,F-Langvad,O Aarhus 1997}) 14. exd5 Bb5 15. Rfb1 Qc7 16. c3 Qc4 17. Re1 Rfe8 {[#]} 18. a4 $1 {[%mdl 512]} Bd7 ({Don't blunder} 18... Bxa4 $2 19. Be2 $18) 19. Be2 Qe4 20. Bf3 Qc4 21. a5 Bf5 22. Be2 $36 {[%mdl 2048] Black is under pressure.} Qe4 (22... Qb3 $14) 23. Bf3 ({White should play} 23. g4 $1 $16) 23... Qc4 $1 $14 24. Be2 (24. Bb6 $14) 24... Qe4 $16 {[#]} 25. Rad1 (25. g4 $1 $16) 25... Qa4 26. Ra1 ({White should try} 26. Bb6 $14) 26... Qe4 {[#]} 27. Bf3 {Accuracy: White = 29%, Black = 62%.} (27. g4 $1 $16) 1/2-1/2

[Event "Galatasaray Blitz Chess Tournament"]
[Site "Istanbul"]
[Date "2019.03.24"]
[Round "3.2"]
[White "Yurtseven, Melih"]
[Black "Gulbas, Cemil"]
[Result "0-1"]
[WhiteElo "2390"]
[BlackElo "2404"]
[Annotator "TA"]
[PlyCount "68"]
[EventDate "2019.03.24"]
[EventType "swiss"]
[EventCountry "TUR"]
[SourceTitle "playchess.com"]
[Source "ChessBase"]
[SourceQuality "1"]

{[%evp 11,68,13,22,29,28,31,67,37,52,37,49,17,61,47,97,112,135,110,113,97,122,116,115,109,231,155,164,142,322,88,133,176,222,169,392,386,620,158,201,198,155,57,40,38,34,-298,-318,-320,-327,-384,-47,-238,-286,-1617,-632,-29996,-29997,-29997,-29996]} 1. e4 c5 2. Nf3 d6 3. d4 cxd4 4. Nxd4 Nf6 5. Nc3 a6 6. Bg5 Nbd7 7. Qe2 {B94: Sicilian Najdorf: 6 Bg5 Nbd7} e6 (7... h6 8. Bh4 g6 9. f4 Qc7 10. O-O-O Bg7 11. g4 e5 12. fxe5 Nxe5 13. h3 Be6 14. Qf2 Nfd7 {½-½ (26) Carlsen,M (2842)-Svidler,P (2753) Biel 2018}) 8. O-O-O Be7 9. f4 {White is slightly better.} Qc7 10. g4 b5 11. Bxf6 gxf6 12. a3 $146 ({Predecessor:} 12. Qe3 Nc5 13. Kb1 b4 14. Nce2 Nxe4 {½-½ (62) Iljiushenok,I (2491)-Yandarbiev,R (2344) St Petersburg 2015}) 12... Nb6 13. h4 Bd7 14. Kb1 Nc4 15. Rh3 Rb8 16. f5 Qc5 17. g5 Kd8 (17... b4 $16) 18. Nb3 Qe5 19. Qf2 $1 Rb7 $2 (19... Rc8 $16 20. Bxc4 bxc4) 20. a4 $2 (20. gxf6 $1 $18 {and the rest is easy.} Bf8 21. fxe6 fxe6 22. Rf3) 20... Nxb2 21. Kxb2 bxa4 22. Bxa6 Rc7 $2 (22... Rb4) 23. Nd4 $18 Qa5 $2 (23... fxg5 24. hxg5 Qa5) 24. Bb5 $2 (24. gxf6 $18 {has better winning chances.} Bf8 25. fxe6 Bxe6 26. Nxe6+ fxe6 27. Qd4) 24... Qb4+ $16 25. Ka2 Rxc3 {[#]} 26. Rxc3 (26. fxe6 $1 $16 {[%mdl 512] Threatens to win with Rxc3.} Qa3+ (26... Bxe6+ 27. Nxe6+) 27. Kb1 Qb4+ {[%mdl 64] Double Attack} 28. Kc1 Qa3+ 29. Kd2 Rxh3 30. Nc6+ Ke8 31. exd7+ Kf8 32. Qd4 Rh2+ 33. Be2) 26... Qxc3 $14 27. Rd3 Qc5 $1 {aiming for ...Ke8.} 28. Bxd7 $2 {[%mdl 8192]} (28. Qe3 $14 {stays ahead.} e5 29. Nc6+ Kc7 30. Nxe7 Bxb5 31. Nd5+ Kc6 32. Ne7+ Kc7 33. Nd5+ Kc6 34. Ne7+ Kc7) 28... Kxd7 $19 29. fxe6+ fxe6 30. gxf6 {[#]} Rf8 $2 ({Black should try} 30... Rb8 $1 $19 31. fxe7 Qb6) 31. f7 $2 (31. Rf3 $15) 31... Rb8 32. e5 $2 (32. Qd2) 32... Qb4 (32... Qb6 $142 33. f8=N+ Ke8) 33. c4 {With the idea Qc2.} Qb1+ {[%mdl 64] Double Attack} 34. Ka3 Qxd3+ {Accuracy: White = 32%, Black = 28%.} 0-1

[Event "Galatasaray Blitz Chess Tournament"]
[Site "Istanbul"]
[Date "2019.03.24"]
[Round "3.3"]
[White "Yilmazyerli, Mert"]
[Black "Ozturk, Kubra"]
[Result "1-0"]
[WhiteElo "2425"]
[BlackElo "2344"]
[Annotator "TA"]
[PlyCount "73"]
[EventDate "2019.03.24"]
[EventType "swiss"]
[EventCountry "TUR"]
[SourceTitle "playchess.com"]
[Source "ChessBase"]
[SourceQuality "1"]

{[%evp 9,73,-20,37,39,47,56,53,57,76,64,65,0,0,-7,-3,0,-1,0,0,0,0,0,0,-31,-31,-33,-32,-29,-8,-11,0,0,0,0,16,-7,-4,-21,133,50,42,8,9,11,127,25,142,27,119,27,98,29,29,28,34,8,25,-9,69,-25,77,77,77,79,84,1]} 1. Nf3 d5 2. g3 Nf6 3. Bg2 g6 4. c4 d4 5. d3 (5. b4 Bg7 6. d3 O-O 7. O-O Re8 8. a4 e5 9. Bg5 Nbd7 10. a5 a6 11. Na3 h6 12. Bc1 c5 13. bxc5 Qxa5 {½-½ (86) Howell,D (2644)-Mamedyarov,S (2768) Doha 2016}) 5... Nc6 (5... c5 $11) 6. b4 $14 {A09: Réti Opening: 1 Nf3 d5 2 c4} Nxb4 7. Qa4+ Nc6 8. Ne5 $1 {[%cal Re5c6] White is slightly better.} Bd7 9. Nxc6 bxc6 10. Bxc6 ({White should play} 10. Qa5 $14) 10... Bg7 $11 11. Ba3 O-O 12. Nd2 Re8 {[%cal Bf8e8,Be8e6,Be6a6][%mdl 32]} 13. O-O e5 14. Rab1 $146 Re6 15. Bxd7 Nxd7 16. Rb2 Qc8 {[#] Hoping for ...Ra6.} 17. Qc2 Ra6 18. Rb3 h5 19. Rfb1 h4 20. c5 Rc6 21. Qc4 Nf6 22. Ne4 Nxe4 23. dxe4 Qg4 $2 {[#]} (23... Bf6 $11) 24. Qd5 (24. Rb8+ $16 Rxb8 25. Rxb8+ Kh7 26. f3 (26. Qxf7 Qxe2 27. Rg8 Qe1+ 28. Kg2 Qxe4+ 29. Kf1 Qb1+ 30. Ke2 Qc2+ 31. Kf1 Qb1+ 32. Ke2 Qc2+ 33. Ke1 Qc3+ 34. Kf1 Qd3+ 35. Ke1 Qc3+ 36. Kf1 Qd3+ 37. Ke1 Qc3+ $11)) 24... Qe6 $14 25. Rb7 hxg3 26. hxg3 a5 (26... Qe8 $11) 27. Kg2 (27. Rb8+ $16 Rxb8 28. Rxb8+ Kh7 29. Ra8) 27... a4 (27... Qe8 $1 $11) 28. R1b4 (28. Qxe6 $16 {Rb8+ would kill now.} fxe6 29. Rb8+ Rxb8 30. Rxb8+ Kf7 31. Ra8) 28... Kh7 (28... Qe8 $11) 29. R4b5 (29. Qxe6 $16 fxe6 30. Rb8 Rxb8 31. Rxb8) 29... Re8 (29... Qe8 $11) 30. Qxe6 ({White should try} 30. Bb4 $16) 30... Rexe6 $11 31. Ra5 Bf8 32. Rbb5 f5 33. Rxa4 Bg7 (33... fxe4 $11 34. e3 Ra6) 34. Ra7 (34. f3 $14) 34... Ra6 (34... fxe4 $11 {remains equal.} 35. Rb1 Re8) 35. Rbb7 $16 {White is better.} Rxa7 36. Rxa7 Rc6 37. Bb4 {[%mdl 32768] Precision: White = 27%, Black = 31%. . Loss on Time!?} ({Better is} 37. Kf3 $16) 1-0

[Event "Galatasaray Blitz Chess Tournament"]
[Site "Istanbul"]
[Date "2019.03.24"]
[Round "3.4"]
[White "Arat, Ufuk Sezen"]
[Black "Aghamaliyev, Cemil"]
[Result "1-0"]
[WhiteElo "2368"]
[BlackElo "2493"]
[Annotator "TA"]
[PlyCount "53"]
[EventDate "2019.03.24"]
[EventType "swiss"]
[EventCountry "TUR"]
[SourceTitle "playchess.com"]
[Source "ChessBase"]
[SourceQuality "1"]

{[%evp 12,53,18,17,14,14,40,41,60,54,68,49,86,41,107,95,162,179,168,158,164,122,125,105,110,186,164,157,286,186,196,197,199,193,204,193,314,166,354,339,368,381,741,734]} 1. c4 e5 2. g3 Nc6 3. Bg2 f5 4. Nc3 Nf6 5. d3 Bb4 6. Bd2 O-O 7. e3 Bxc3 {A25: English Opening vs King's Indian with ...Nc6 but without early d3} (7... e4 8. a3 Bxc3 9. Bxc3 d6 10. Ne2 Ne5 11. dxe4 fxe4 12. Bxe5 dxe5 13. h3 Qxd1+ 14. Rxd1 h5 15. Nc3 {½-½ (75) Sargissian,G (2667)-L'Ami,E (2634) Legnica 2013}) 8. Bxc3 d6 9. Ne2 Kh8 {White is slightly better.} 10. O-O Qe8 11. b4 Qh5 12. d4 $146 ({Predecessor:} 12. b5 Nd8 13. Bd2 Ne6 14. Nc3 Ng4 15. h3 {0-1 (64) Vokac,M (2315)-Knaak,R (2495) Leipzig 1981}) 12... f4 (12... Ne7 $14) 13. exf4 $16 Ng4 (13... Bh3 $16 {was necessary.}) 14. h3 $18 Nh6 15. fxe5 dxe5 16. dxe5 {[#] aiming for Nf4.} Bg4 17. Re1 Rad8 18. Qc2 ({But not} 18. hxg4 $6 Nxg4 19. Nf4 Qh2+ 20. Kf1 Rxd1 $11) 18... Bxh3 {[#]} 19. Qe4 $1 $36 {[%mdl 2048] Threatens to win with Nf4. Keeping Black busy.} Bf5 (19... Bxg2 $16 20. Qxg2 Nxe5 21. Bxe5 Qxe5) 20. Qh4 Qxh4 21. gxh4 Bd3 22. b5 Ne7 23. Bxb7 Nef5 (23... Bxc4 $142 24. Rac1 Bxb5) 24. e6 (24. Nf4 $142) 24... Rde8 $2 (24... Bxc4 {was called for.} 25. Nf4 Ne7) 25. Nf4 Bxc4 26. Bc6 Nxh4 $2 (26... Re7 27. Rad1 Nd6) 27. Re4 {Accuracy: White = 46%, Black = 42%.} 1-0

[Event "Galatasaray Blitz Chess Tournament"]
[Site "Istanbul"]
[Date "2019.03.24"]
[Round "3.5"]
[White "Ozer, Omer Faruk"]
[Black "Dastan, Muhammed Batuhan"]
[Result "1/2-1/2"]
[WhiteElo "2369"]
[BlackElo "2561"]
[Annotator "TA"]
[PlyCount "77"]
[EventDate "2019.03.24"]
[EventType "swiss"]
[EventCountry "TUR"]
[SourceTitle "playchess.com"]
[Source "ChessBase"]
[SourceQuality "1"]

{[%evp 10,77,19,17,28,7,2,-4,-1,0,8,11,60,9,0,-44,-43,-37,-22,-39,-48,-172,-150,-247,-278,-636,-631,-1013,-933,-29979,-29980,-29980,-29979,-29979,-29980,-29980,-29981,-29975,-29960,-29960,-5078,-2516,-2385,-29993,-29992,-29992,0,-29993,0,-29992,-29993,-29993,-29994,-29994,-800,-1374,-1466,-1431,-1287,-1118,0,0,0,0,0,0,0,0,0,0]} 1. g3 f5 2. Bg2 Nf6 3. d4 g6 4. c3 Bg7 5. Qb3 Nc6 6. Nh3 e5 {A81: Dutch Defence: 2 g3} (6... e6 7. Nf4 Qe7 8. Nd2 e5 9. dxe5 Nxe5 10. O-O c6 11. Nf3 d6 12. h4 Ne4 13. Be3 a5 14. Nxe5 dxe5 {½-½ (60) Zhou,W (2610)-Wang,H (2732) Danzhou 2011}) 7. dxe5 Nxe5 8. Nf4 c6 9. Be3 d5 $146 ({Predecessor:} 9... Qe7 10. h4 d5 11. Nd2 Ne4 12. Nxe4 fxe4 13. h5 Bf5 14. hxg6 hxg6 15. Rxh8+ Bxh8 {0-1 (32) Homrana,M (2001)-Sorensen,T (2383) Dresden 2008}) 10. Bd4 Ne4 11. h4 ({Better is} 11. f3 $14 Ng5 12. h4) 11... O-O $11 12. O-O Qe7 13. Rd1 a5 14. a4 Ng4 {Strongly threatening ...Bxd4.} 15. Bxg7 (15. c4 $1 $15) 15... Kxg7 $40 {[%mdl 128] Black is out for blood.} 16. Bxe4 (16. Qa3 $17 {was worth a try.} Qxa3 17. Nxa3) 16... fxe4 $19 ({Worse is} 16... dxe4 17. Na3 $11) 17. c4 $2 {[#]} (17. Qa3 Qd8 18. c4) 17... Rxf4 $1 {[%mdl 512]} 18. gxf4 e3 ({Not} 18... Qxh4 19. Qg3 $17) 19. f3 Qxh4 20. fxg4 Qg3+ 21. Kh1 Qh3+ 22. Kg1 Qxg4+ 23. Kh1 Qh3+ 24. Kg1 Qg3+ 25. Kh1 Bf5 {[%cal Rf5e4]} 26. Nc3 Qh3+ 27. Kg1 Qg3+ 28. Kh1 Qh3+ 29. Kg1 Qg4+ 30. Kh1 Qh4+ 31. Kg1 Qf2+ (31... Bh3 $142 32. Qxb7+ Kh6 33. Qxh7+ Kxh7 34. Ne4 Qg4+ {[%mdl 64] Double Attack} 35. Ng3 Qxg3+ 36. Kh1 Qg2#) 32. Kh1 Bh3 {[%csl Gh3][%cal Rf2g2]} 33. Rg1 {[#]} Qh4 $1 {[%cal Rh3f1]} 34. Rg5 Bc8+ $2 ({Black should play} 34... Rf8 $19 {( -> ...Bd7+)} 35. Qa3 Bf1+ 36. Kg1 Qf2+ 37. Kh1 Rxf4 38. Qe7+ Kh6 39. Qf8+ Rxf8 40. Ne4 Qh4+ {[%mdl 64] Double Attack} 41. Kg1 dxe4 42. Rxg6+ Kxg6 43. Rxf1 Qg3+ 44. Kh1 Rxf1#) 35. Kg1 $11 {Black must now prevent Rg2.The position is equal.} Qf2+ 36. Kh1 {And now Rg2 would win.} Qh4+ 37. Kg1 {Rg2 is the strong threat.} Qf2+ 38. Kh1 {Threatens to win with Rg2.} Qh4+ 39. Kg1 {Accuracy: White = 26%, Black = 63%.} 1/2-1/2

[Event "Galatasaray Blitz Chess Tournament"]
[Site "Istanbul"]
[Date "2019.03.24"]
[Round "4.1"]
[White "Gokerkan, Cem Kaan"]
[Black "Dastan, Muhammed Batuhan"]
[Result "0-1"]
[WhiteElo "2419"]
[BlackElo "2561"]
[Annotator "TA"]
[PlyCount "88"]
[EventDate "2019.03.24"]
[EventType "swiss"]
[EventCountry "TUR"]
[SourceTitle "playchess.com"]
[Source "ChessBase"]
[SourceQuality "1"]

{[%evp 11,88,22,21,14,27,27,47,34,55,11,71,51,68,68,63,-16,-3,-50,-69,-73,-9,-12,-8,-2,0,-50,-50,-52,-59,-50,-50,-64,-70,-64,-62,-67,-81,-75,-81,-139,-142,-126,-158,-145,-149,-150,-152,-216,-225,-288,-213,-267,-209,-203,-167,-302,-257,-266,-265,-266,-259,-554,-516,-938,-871,-29963,-29964,-29987,-29988,-29988,-6613,-29989,-29990,-29990,-29991,-29991,-29992,-29993,-29994]} 1. e4 c5 2. Ne2 Nf6 3. Nbc3 d6 4. d4 cxd4 5. Nxd4 a6 6. Bg5 Nbd7 7. Qe2 {B94: Sicilian Najdorf: 6 Bg5 Nbd7} Qa5 (7... h6 8. Bh4 g6 9. f4 Qc7 10. O-O-O Bg7 11. g4 e5 12. fxe5 Nxe5 13. h3 Be6 14. Qf2 Nfd7 {½-½ (26) Carlsen,M (2842)-Svidler,P (2753) Biel 2018}) 8. h4 b5 9. O-O-O {White is slightly better.} e6 10. f4 $146 {And now e5 would win.} ({Predecessor:} 10. g3 Bb7 11. Bg2 Rc8 12. Nb3 Qc7 13. a3 Be7 14. Kb1 Ne5 {1-0 (36) Rohonyan,K (2299)-Chiang,J (2165) Rockville 2013}) 10... h6 (10... Bb7 $11 {remains equal.}) 11. Bxf6 $16 Nxf6 12. e5 b4 $1 {[%cal Rb4c3]} 13. Nb3 (13. Nb1 $14 Nd5 14. f5) 13... Qc7 $11 {Threatening ...dxe5.} 14. Ne4 (14. Nb5 $5 axb5 15. exf6 $11) 14... dxe5 15. fxe5 Qxe5 (15... Nxe4 $1 $17 16. Qxe4 Bb7) 16. Nxf6+ $1 ({Much weaker is} 16. Qd2 Nd5 $17) 16... gxf6 17. Qf3 $132 {[%mdl 2048] White is fighting back} Ra7 $1 18. Qc6+ (18. Qf2 $5 {[%cal Rf2a7]} Rd7 19. Bxa6 $1 {[%mdl 512]} Rxd1+ 20. Rxd1 Bxa6 21. Qa7 $11 (21. Qb6 Be7 $15)) 18... Bd7 19. Rxd7 $1 Rxd7 {[%cal Re5e1]} 20. Bxa6 Qd5 21. Bb5 Qxc6 22. Bxc6 {Strongly threatening Rd1.} Kd8 {Hoping for ...Rd6.} 23. Bxd7 Kxd7 $15 {[%mdl 4096] Endgame KRB-KRN} 24. Rd1+ Kc7 25. g4 (25. Rd4 $142) 25... h5 $17 26. Rd4 hxg4 27. Rxg4 f5 28. Rc4+ {[#]} Kd7 $1 29. Nd2 (29. Rd4+ $17 {was necessary.} Kc6 30. Rc4+ Kd5 31. Rd4+ Kc6 32. Rc4+ Kd5 33. Rd4+ Kc6) 29... e5 $19 30. Nf3 f6 31. Kd1 Bd6 32. c3 bxc3 33. Rxc3 (33. bxc3 {was forced.} Ra8 34. a4) 33... f4 34. Rc4 Ke6 35. Ke2 Rg8 36. Kf2 $2 (36. Ra4) 36... Kd5 37. Ra4 (37. Rc1 $142 Bc5+ 38. Kf1) 37... Bc5+ 38. Kf1 e4 39. Nd2 f3 {[%csl Gc5][%cal Rg8g1]} 40. Ke1 Rg1+ 41. Nf1 e3 {Black mates.} 42. Rf4 {[#]} Bb4+ $1 {[%mdl 576] Promotion} 43. Rxb4 e2 44. Rb5+ Kc6 {Accuracy: White = 38%, Black = 72%.} 0-1

[Event "Galatasaray Blitz Chess Tournament"]
[Site "Istanbul"]
[Date "2019.03.24"]
[Round "4.2"]
[White "Aghamaliyev, Cemil"]
[Black "Ozer, Omer Faruk"]
[Result "1-0"]
[WhiteElo "2493"]
[BlackElo "2369"]
[Annotator "TA"]
[PlyCount "67"]
[EventDate "2019.03.24"]
[EventType "swiss"]
[EventCountry "TUR"]
[SourceTitle "playchess.com"]
[Source "ChessBase"]
[SourceQuality "1"]

{[%evp 15,67,0,0,0,0,0,0,0,0,0,0,0,0,0,0,0,0,-50,-10,-16,0,-9,0,0,0,-468,-13,-537,-536,-585,-573,-587,-586,-637,-585,-975,-962,-727,-548,-633,-555,-691,-691,-1280,-534,-1091,-1058,-1233,-931,-1097,-539,-530,29998,29999]} 1. e4 c5 2. Nf3 Nc6 3. Nc3 Nf6 4. Bb5 Nd4 5. e5 Nxb5 6. Nxb5 Nd5 7. Ng5 f6 8. exf6 Nxf6 9. O-O {B30: Sicilian: 2...Nc6 3 Bb5, lines without ...g6} a6 (9... e6 10. d4 Qb6 11. c4 a6 12. dxc5 Bxc5 13. Nc3 Qc6 14. Qd3 O-O 15. Nce4 Nxe4 16. Nxe4 b6 {½-½ (48) Rogulj,B (2453)-Skoberne,J (2499) Sibenik 2009}) 10. Nc3 e6 11. d4 {The position is equal.} cxd4 12. Qxd4 Be7 13. Bf4 O-O 14. Bd6 b5 15. Rad1 $146 ({Predecessor:} 15. a4 bxa4 16. Rxa4 Bb7 {1-0 (35) Monroy,C (2299)-Ragot,N (2143) France 2005}) 15... Bb7 16. a4 Nd5 17. Nge4 Bc6 18. axb5 axb5 19. Nxd5 Bxd5 20. Be5 $2 {[%mdl 8192]} (20. Bxe7 $11 Qxe7 21. f3) 20... Rf5 $2 (20... Ra4 $19 21. Qc3 Rxe4 22. Bxg7 b4) 21. Rfe1 $2 {[%mdl 8192]} (21. Bd6 $11 {and White stays safe.}) 21... Ra4 $19 22. Qc3 Rxe4 23. Rxe4 Bxe4 24. Bxg7 Rg5 {[%mdl 64] [#] Double Attack} 25. Be5 Rxg2+ 26. Kf1 Rg6 27. Bg3 Bd5 28. b3 Qa8 29. Qc7 Qc6 30. Qb8+ Bf8 {...Bg2+ is the strong threat.} 31. Rd2 h5 32. Qe8 Be4 33. Rxd7 {Qf7+ would kill now.} Qxc2 $4 {[%mdl 8192] [#]} (33... Rf6 $19 34. Bh4 Rf3) 34. Qf7+ {Accuracy: White = 34%, Black = 42%.} 1-0

[Event "Galatasaray Blitz Chess Tournament"]
[Site "Istanbul"]
[Date "2019.03.24"]
[Round "4.3"]
[White "Ozturk, Kubra"]
[Black "Arat, Ufuk Sezen"]
[Result "1/2-1/2"]
[WhiteElo "2344"]
[BlackElo "2368"]
[Annotator "ChessBase"]
[PlyCount "101"]
[EventDate "2019.03.24"]
[EventType "swiss"]
[EventCountry "TUR"]
[SourceTitle "playchess.com"]
[Source "ChessBase"]
[SourceQuality "1"]
[TimeControl "300+3"]

1. d4 Nf6 2. c4 g6 3. Nc3 Bg7 4. e4 d6 5. Be2 O-O 6. Be3 Na6 7. g4 c5 8. d5 Nc7 9. g5 Nd7 10. h4 a6 11. a4 e6 12. dxe6 Nxe6 13. Qxd6 Qa5 14. Bd2 Qb4 15. Nd1 Qb6 16. Qxb6 Nxb6 17. a5 Nd7 18. h5 Nd4 19. Bd3 Ne5 20. Ra3 Be6 21. Ne3 Rad8 22. Nd5 Bxd5 23. exd5 f6 24. hxg6 hxg6 25. f4 Nxd3+ 26. Rxd3 fxg5 27. fxg5 Rde8+ 28. Be3 Nc2+ 29. Kd2 Nxe3 30. Rxe3 Rxe3 31. Kxe3 Bd4+ 32. Ke4 Rf1 33. d6 Re1+ 34. Kf3 Bxg1 35. d7 Re3+ 36. Kf4 Rd3 37. Rxg1 Rxd7 38. Ke5 Rd4 39. Kf6 Rxc4 40. Kxg6 Rd4 41. Re1 Rd6+ 42. Kf5 b6 43. g6 bxa5 44. Re8+ Kg7 45. Re7+ Kf8 46. Rc7 Rb6 47. Rc8+ Kg7 48. Rc7+ Kg8 49. Rxc5 Rxb2 50. Rxa5 Rb6 51. Ke4 1/2-1/2